Flughafen München II : Standortuntersuchung /

Đã lưu trong:
Chi tiết về thư mục
Tác giả chính: Schwab, G. (edición)
Tác giả khác: Beck-Erlang, W. (edición) (edición)
Định dạng: Sách
Ngôn ngữ:German
Được phát hành: Stuttgart, Alemania : editorial no identificada, 1972
Các nhãn: Thêm thẻ
Không có thẻ, Là người đầu tiên thẻ bản ghi này!

MARC

LEADER 00000nam^a2200000^a^4500
001 000554924
005 20250526000000.0
009 20260310131709.05
037 |a Acervo ITESO - Biblioteca 
041 |a ALE 
091 |a FHA. 00762 
100 |a Schwab, G.  |e (edición) 
245 1 0 |a Flughafen München II :  |b Standortuntersuchung / 
264 1 |a Stuttgart, Alemania :  |b editorial no identificada,  |c 1972 
300 |a 135 p. ;  |c 29.5 cm. 
336 |a texto  |b txt  |2 rdacontenido 
337 |a sin mediación  |b n  |2 rdamedio 
338 |a volumen  |b nc  |2 rdasoporte 
515 |a Inventario familia Hartung: 993 
649 |a XX 
700 |a Beck-Erlang, W.  |e (edición) 
910 |a Fondo Horst Hartung Franz 
920 |a Impresos - Libros 
930 |a Libros Antiguos y Raros 
905 |a 135 
901 |a 0500331716  |b IT2  |c LRA  |i D  |u 20250526 
902 |a https://opac.biblio.iteso.mx/vufind/Record/000554924